Philosophical Reflections/ (Record no. 188977)

MARC details
000 -LEADER
fixed length control field 00550nam a2200181 4500
005 - DATE AND TIME OF LATEST TRANSACTION
control field 20220608153827.0
010 ## - LCCN (DPL NO)
LC control number ENG-133133
020 ## - INTERNATIONAL STANDARD BOOK NUMBER
International Standard Book Number 978-93-5493-645-6
Terms of availability 225.00
035 ## - SYSTEM CONTROL NUMBER
System control number EN-116665
037 ## - SOURCE OF ACQUISITION
Source of stock number/acquisition DBAD/PUB
082 ## - DEWEY DECIMAL CLASSIFICATION NUMBER
Classification number 181.4
245 ## - TITLE STATEMENT
Title Philosophical Reflections/
Statement of responsibility, etc edited by K. Om Narayana Rao
250 ## - EDITION STATEMENT
Edition statement 1st
260 ## - PUBLICATION, DISTRIBUTION, ETC. (IMPRINT)
Place of publication, distribution, etc Berhampur
Name of publisher, distributor, etc Phiolosophy Family
Date of publication, distribution, etc 2021
270 ## - ADDRESS
Address Jangambadi Street Near Kabisurya School, Sana Bazar
City Berhampur
Postal code 760009
300 ## - PHYSICAL DESCRIPTION
Extent 160p.
Dimensions 28cm(pbk)
942 ## - ADDED ENTRY ELEMENTS (KOHA)
Source of classification or shelving scheme Dewey Decimal Classification
Item type English Books
Classification part 181.4
Call number suffix PHI
Holdings
Withdrawn status Lost status Not for loan Collection code Home library Current library Date acquired Source of acquisition Cost, normal purchase price Full call number Barcode Copy number Cost, replacement price Koha item type
      Non-fiction Patel Nagar Patel Nagar 08/06/2022 DBAD/PUB 225.00 181.4 PHI EN-116665 1 225.00 English Books

© Delhi Public Library
Hit Counter
free hit counter